London National Gallery

Guardat en:
Dades bibliogràfiques
Autor principal: Hendy, Philip (Autor)
Format: Llibre
Idioma:anglès
Publicat: Nueva York Harry N. Abrams 1957
Col·lecció:Great Museums of the World
Matèries:
Etiquetes: Afegir etiqueta
Sense etiquetes, Sigues el primer a etiquetar aquest registre!

MARC

LEADER 00000nam a2200000 a 4500
001 UCY1491
003 CL-VaPUC
008 940905e19570000US |||||||||||||||||eng|d
082 0 4 |a 708.421  |b HEN  |2 21 
100 |a Hendy, Philip  |e author  |9 572135 
245 1 0 |a London National Gallery 
300 |a 64 p 
942 |c BK 
945 |d 19940905 00:00:00  |a oaravena 
260 |a Nueva York  |b Harry N. Abrams  |c 1957 
600 0 7 |a NATIONAL GALLERY, LONDRES, INGLATERRA  |2 CL-VaPUC  |9 265731 
650 0 |a Catálogos  |9 256258 
583 |a last modification  |c 19940905 00:00:00  |k Rodrigo Vera 
490 0 |a Great Museums of the World 
999 |c 230182  |d 230180 
952 |0 0  |1 0  |4 0  |6 708_421000000000000_HEN_1957  |7 0  |8 F  |9 232226  |a BIBARQ  |b BIBARQ  |d 2019-11-15  |i 3009785  |o 708.421 HEN 1957  |p 3009785  |r 2025-01-20  |w 2019-11-15  |y BK_F  |k ARQ